<?xml version="1.0" encoding="UTF-8"?><?xml-stylesheet type="text/xsl" href="static/style.xsl"?><OAI-PMH xmlns="http://www.openarchives.org/OAI/2.0/" xmlns:xsi="http://www.w3.org/2001/XMLSchema-instance" xsi:schemaLocation="http://www.openarchives.org/OAI/2.0/ http://www.openarchives.org/OAI/2.0/OAI-PMH.xsd"><responseDate>2026-04-30T10:28:16Z</responseDate><request verb="GetRecord" identifier="oai:repisalud.isciii.es:20.500.12105/11082" metadataPrefix="marc">https://repisalud.isciii.es/rest/oai/request</request><GetRecord><record><header><identifier>oai:repisalud.isciii.es:20.500.12105/11082</identifier><datestamp>2025-04-24T17:05:34Z</datestamp><setSpec>com_20.500.12105_2052</setSpec><setSpec>com_20.500.12105_2051</setSpec><setSpec>col_20.500.12105_19609</setSpec></header><metadata><record xmlns="http://www.loc.gov/MARC21/slim" xmlns:dcterms="http://purl.org/dc/terms/" xmlns:doc="http://www.lyncode.com/xoai" xmlns:xsi="http://www.w3.org/2001/XMLSchema-instance" xsi:schemaLocation="http://www.loc.gov/MARC21/slim http://www.loc.gov/standards/marcxml/schema/MARC21slim.xsd">
   <leader>00925njm 22002777a 4500</leader>
   <datafield ind2=" " ind1=" " tag="042">
      <subfield code="a">dc</subfield>
   </datafield>
   <datafield ind2=" " ind1=" " tag="720">
      <subfield code="a">Gioia, Francesca</subfield>
      <subfield code="e">author</subfield>
   </datafield>
   <datafield ind2=" " ind1=" " tag="720">
      <subfield code="a">Gomez-Lopez, Alicia</subfield>
      <subfield code="e">author</subfield>
   </datafield>
   <datafield ind2=" " ind1=" " tag="720">
      <subfield code="a">Alvarez, Maria Elena</subfield>
      <subfield code="e">author</subfield>
   </datafield>
   <datafield ind2=" " ind1=" " tag="720">
      <subfield code="a">Gómez-García de la Pedrosa, Elia</subfield>
      <subfield code="e">author</subfield>
   </datafield>
   <datafield ind2=" " ind1=" " tag="720">
      <subfield code="a">Martín-Dávila, Pilar</subfield>
      <subfield code="e">author</subfield>
   </datafield>
   <datafield ind2=" " ind1=" " tag="720">
      <subfield code="a">Cuenca-Estrella, Manuel</subfield>
      <subfield code="e">author</subfield>
   </datafield>
   <datafield ind2=" " ind1=" " tag="720">
      <subfield code="a">Moreno, Santiago</subfield>
      <subfield code="e">author</subfield>
   </datafield>
   <datafield ind2=" " ind1=" " tag="720">
      <subfield code="a">Fortún, Jesús</subfield>
      <subfield code="e">author</subfield>
   </datafield>
   <datafield ind2=" " ind1=" " tag="260">
      <subfield code="c">2020-09-13</subfield>
   </datafield>
   <datafield ind2=" " ind1=" " tag="520">
      <subfield code="a">Introduction: A possible increase in Candida resistance, especially in Candida glabrata, has been speculated according to poor diffusion of echinocandins to peritoneal fluid. Materials/methods: Peritoneal and serum concentrations of caspofungin, micafungin and anidulafungin were analysed in surgical patients with suspected candida peritonitis. After 4 days of starting therapy, serum and peritoneal samples (through peritoneal drainage) were obtained at baseline, 1, 6, 12 and 24 h of drug administration. Micafungin and anidulafungin concentrations were determined using highperformance liquid chromatography (HPLC/F), whereas caspofungin concentrations were established by bioassay. Results: Twenty-three critically ill patients with suspected abdominal fungal infection who were receiving an echinocandin were prospectively recruited. No specific criteria were applied to prescribe one specific echinocandin. No special clinical differences were observed among the three groups of patients. All were receiving antibiotic therapy, 80% required inotropic drugs, and fungal peritonitis was confirmed in 74% of them. The AUC0_24h (mg   h/L) obtained in serum and peritoneal fluid were: 126.84 and 34.38, 98.52 and 18.83, and 66.9 and 8.78 for anidulafungin, micafungin and caspofungin, respectively. The median concentration in peritoneal fluid ranged from 0.66 to 1.82mg/mL for anidulafungin, 0.68–0.88mg/mL for micafungin and 0.21–0.46 mg/mL for caspofungin. Conclusion: The results showed moderate penetration of echinocandins into the peritoneal fluid of these patients. These levels are below the threshold of resistance mutant selection published by other authors. This could justify a potential risk of resistance in patients with prolonged treatment with echinocandins and suboptimal control of abdominal infection.</subfield>
   </datafield>
   <datafield ind1="8" ind2=" " tag="024">
      <subfield code="a">Int J Infect Dis. 2020 Dec;101:24-28.</subfield>
   </datafield>
   <datafield ind1="8" ind2=" " tag="024">
      <subfield code="a">10.1016/j.ijid.2020.09.019</subfield>
   </datafield>
   <datafield ind1="8" ind2=" " tag="024">
      <subfield code="a">1878-3511</subfield>
   </datafield>
   <datafield ind1="8" ind2=" " tag="024">
      <subfield code="a">International journal of infectious diseases : IJID : official publication of the International Society for Infectious Diseases</subfield>
   </datafield>
   <datafield ind1="8" ind2=" " tag="024">
      <subfield code="a">32937195</subfield>
   </datafield>
   <datafield ind1="8" ind2=" " tag="024">
      <subfield code="a">http://hdl.handle.net/20.500.12105/11082</subfield>
   </datafield>
   <datafield tag="653" ind2=" " ind1=" ">
      <subfield code="a">Echinocandins</subfield>
   </datafield>
   <datafield tag="653" ind2=" " ind1=" ">
      <subfield code="a">Pharmacokinetics</subfield>
   </datafield>
   <datafield tag="653" ind2=" " ind1=" ">
      <subfield code="a">Candida</subfield>
   </datafield>
   <datafield tag="653" ind2=" " ind1=" ">
      <subfield code="a">Peritonitis</subfield>
   </datafield>
   <datafield tag="653" ind2=" " ind1=" ">
      <subfield code="a">Resistance</subfield>
   </datafield>
   <datafield ind2="0" ind1="0" tag="245">
      <subfield code="a">Pharmacokinetics of Echinocandins in Suspected Candida Peritonitis: a Potential Risk for Resistance</subfield>
   </datafield>
</record></metadata></record></GetRecord></OAI-PMH>